000 01513nam a2200481 i 4500
001 5436
003 KOSZ 005
005 20190725131018.0
008 970513s1992 pl a f |000 0 pol
015 _aPB 1992/4718
020 _a8302048259
035 _a991001337749705066
035 _a(PL-WaBN)b10388011-48omnis_nlop
035 _ab10388011
035 _a(OCoLC)749856106
035 _a(PL)b0000001038801
035 _a(EXLNZ-48OMNIS_NETWORK)9910307374505606
040 _aWA N
_cWA N
_dKOSZ 005/EG
041 _apol
046 _k1987
080 _a37.015.3
080 _a(07)
100 1 _aSkorny, Zbigniew
_d(1926-2012 )
_eAutor
245 1 0 _aPsychologia wychowawcza dla nauczycieli /
_cZbigniew Skorny.
250 _aWyd. 2.
260 _aWarszawa :
_bWydawnictwa Szkolne i Pedagogiczne,
_c1992.
300 _a266, [1] s. :
_brys. ;
_c21 cm.
336 _2rdacontent
_aTekst
_btxt
337 _2rdamedia
_aBez urządzenia pośredniczącego
_bn
338 _2rdacarrier
_aWolumin
_bnc
380 _aKsiążki
380 _aPublikacje fachowe
388 _a1901-2000
388 _a1989-2000
504 _aBibliogr. s. 265-[267].
650 7 _aPsychologia wychowawcza
_2DBN
655 7 _aPodręczniki
_2DBN
658 _aPsychologia
710 2 _aWydawnictwa Szkolne i Pedagogiczne
_4pbl
856 _uhttp://koha.tu.koszalin.pl/cgi-bin/koha/opac-detail.pl?biblionumber=5436
_yKatalog online BPK
942 _2UKD
_cKS
999 _c5436
_d5436